X window inside & out

Bibliographic Details
Main Author: Reiss, Levi
Other Authors: Radin, Joseph
Format: Book
Published: California : Osborne McGraw-Hill , 1992
Subjects:

MARC

LEADER 00000cam a2200000 7i4500
001 0000009853
002 000010731
005 20000330.0
020 |a 007881796X 
090 0 0 |a 006.68   |b REI 
100 1 |a Reiss, Levi 
245 1 0 |a X window inside & out   |c Levi Reiss and Joseph Radin 
260 |a California :   |b Osborne McGraw-Hill ,   |c 1992 
300 |a 698 p. ;   |c 25 cm. 
650 0 0 |a Window systems (Copmuter systems) 
650 0 0 |a X window (computer software) 
700 1 |a Radin, Joseph 
999 |a 053065   |b BUKU   |c PINJAMAN   |e PERPUSTAKAAN KOMUNITI PETALING JAYA